1000 obrázků ukrytých v Říši pirátů /

Main Author: Jones, Rob Lloyd
Other Authors: Gower, Teri
Language: Czech
Published: Praha : [Fortuna Libri], 2007
Edition: 1. vyd.
Series: Jupiter (Fortuna Libri)
Online Access: Digitalizovaný dokument
Physical Description: 31 s. : vše barev. il. ; 28 cm
Book
Saved in:
LEADER 01502nam a2200409 a 4500
001 nkc20091927682
003 CZ PrNK
005 20100129105958.0
007 ta
008 090428s2007 xr a b 000 0 cze
015 |a cnb001927682 
020 |a 978-80-7321-324-4  |q (Fortuna Libri ;  |q váz.) 
035 |a (OCoLC)505913970 
040 |a OLA001  |b cze 
041 1 |a cze  |h eng 
072 7 |a 821-93  |x Literatura pro děti a mládež (beletrie)  |2 Konspekt  |9 26 
080 |a 821-93  |2 MRF 
100 1 |a Jones, Rob Lloyd  |7 xx0068621  |4 aut 
245 1 0 |a 1000 obrázků ukrytých v Říši pirátů /  |c text Rob Lloyd Jones ; ilustrace Teri Gowerová ; [překlad Jana Jožinová] 
246 3 |a Tisíc obrázků ukrytých v Říši pirátů 
250 |a 1. vyd. 
260 |a Praha :  |b [Fortuna Libri],  |c 2007 
300 |a 31 s. :  |b vše barev. il. ;  |c 28 cm 
490 1 |a Jupiter 
500 |a Přeloženo z angličtiny? 
500 |a Copyright: vydavateľstvo Junior 
655 7 |a publikace pro děti  |7 fd133156  |2 czenas 
655 9 |a children's literature  |2 eczenas 
700 1 |a Gower, Teri  |7 kv2007386863  |4 ill 
830 0 |a Jupiter (Fortuna Libri)  |0 s 
856 4 1 |u http://www.digitalniknihovna.cz/mzk/uuid/uuid:ca7736d0-6f3e-11ee-ad42-0050568d319f  |y Digitalizovaný dokument  |x NDK 
910 2 |a BOA001  |b 3-1232.889 
928 9 |a Junior 
990 |a BK 
995 |a 01 
991 |b 200912  |c NOV 
996 6 |b 2610404318  |c 3-1232.889  |l MZK  |r Sklad / do 1 hodiny  |n 0  |p p.v.  |w 000977277  |u 000010  |a 1  |e BOA001  |j MZK50  |s P